000 00495nam a2200157 4500
999 _c5318
_d5318
008 161020b xxu||||| |||| 00| 0 eng d
022 _a9770118389007
082 _aDPer 641.05 F73 Mar-Nov 2012
100 _916467
_aQuirino, Elizabeth Ann
245 _aHow to be perfect like Martha/
_cElizabeth Ann Quirino.
260 _aQuezon City:
_bABS CBN Publishing, Inc.,
_c©2012.
300 _apages 60-62;
_c30 cm.
500 _aFood.
650 0 _916469
_aCooking
_xShow
942 _2ddc
_cPER